000 01349pam a2200349 a 4500
001 4454283
003 OSt
005 20140310181629.0
008 951206s1997 enka b 001 0 eng
010 _a 95050973
020 _a0415131464 (hb)
020 _a0415131472 (pb)
040 _aDLC
_cDLC
_dDLC
050 0 0 _aRJ 380
_b.B73 1997
082 0 0 _aTR 618.92
_bB72 1997
100 1 _aBradford, Roger,
_d1960-
_91092
245 1 0 _aChildren, families, and chronic disease :
_bpsychological models and methods of care /
_cRoger Bradford.
260 _aLondon ;
_aNew York :
_bRoutledge,
_c1997.
300 _axi, 215 p. :
_bill. ;
_c23 cm.
504 _aIncludes bibliographical references (p. [190]-207) and index.
521 _aFaculty
541 _j1
562 _e1
650 0 _aChronic diseases in children
_xPsychological aspects.
_91093
650 0 _aAdjustment (Psychology) in children.
_91094
650 0 _aChronically ill children
_xFamily relationships.
_91095
650 0 _aChronically ill children
_xServices for.
_91096
856 4 2 _3Publisher description
_uhttp://www.loc.gov/catdir/enhancements/fy0649/95050973-d.html
906 _a7
_bcbc
_corignew
_d1
_eocip
_f19
_gy-gencatlg
942 _2lcc
_cBK-TR
_kTR
999 _c458
_d458